Summation of series

Saved in:
Bibliographic Details
Main Author: Jolley, L. B. W. (Leonard Benjamin William), 1886-
Format: Book
Language:English
Published: New York : Dover Publications, 1961
Edition:2nd rev. ed.
Series:Dover phoenix editions
Subjects:
Tags: Add Tag
No Tags, Be the first to tag this record!

MARC

LEADER 00000cam a2200000 i 4500
001 1/94880
008 081003r1961 eng d
035 |l 10100614 
040 |a GR-MY-UA  |b gre  |e aacr 
041 0 |a eng 
082 0 |a 515.243  |2 (22) 
100 1 |a Jolley, L. B. W.   |q (Leonard Benjamin William),   |d 1886- 
245 1 0 |a Summation of series /  |c collected by L.B.W. Jolley 
250 |a 2nd rev. ed. 
260 |a New York :   |b Dover Publications,   |c 1961 
300 |a xii, 251 σ.;  |c 23 εκ. 
490 1 |a Dover phoenix editions 
650 0 0 |a Series. 
650 0 0 |a Summability theory. 
830 0 |a Dover phoenix editions 
852 |a INST  |b SAMOS  |c MAG  |e 20081003  |h 515.243 JOL  |p 005300029964  |q 005300029964  |t BK  |y 0 
901 |a BIBL3-2008-3 
909 |a Σ  |b 134794 
922 |a 3ΕΛΗ 
970 |a ΣΙΤΖΙΜΗ  |b ΓΙΑΣΕΜΗ  |z 2008/10/03